000 00929nas a2200301 4500
001 BR8708202
003 BR-BrBNA
005 20231205091004.0
007 ta
008 230509b bl.|||p| |||| 00| 00por d
040 _aBR-BrBNA
_bpor
_cBiblioteca Nacional de Agricultura
041 _a(Pt)
072 _aQ02
100 1 _aCavalcante, M.A.
100 1 _aMaia, G.A.
100 1 _aOria, H.F.
100 1 _aFigueiredo, R.W. de
100 1 _aGuedes, Z.B. de L.
245 1 _aEstudo do processamento e estabilidade da cajuina a partir do suco de caju (Anacardium occidentale L.)
246 1 _aProcessing and storage stability of clarified cashew juice
650 _aCAJU
650 _aSUCO
650 _aCAJUINA
650 _aPROCESSAMENTO
773 0 _tCiencia Agronomica (Brazil)
_xISSN 0045-6888
_g(Jun 1986), v. 17(1) p. 105-109
_wBR8708202
909 _a202311
_bLúcia
_c55
_dLúcia Elande
942 _2AGRIS
_n0
_cANA
999 _c122059
_d122059